|
|
|
|
| LEADER |
01780nam a22004575i 4500 |
| 001 |
978-3-642-30168-1 |
| 003 |
DE-He213 |
| 005 |
20151204160119.0 |
| 007 |
cr nn 008mamaa |
| 008 |
120705s2012 gw | s |||| 0|eng d |
| 020 |
|
|
|a 9783642301681
|9 978-3-642-30168-1
|
| 024 |
7 |
|
|a 10.1007/978-3-642-30168-1
|2 doi
|
| 040 |
|
|
|d GrThAP
|
| 050 |
|
4 |
|a P98-98.5
|
| 072 |
|
7 |
|a UYQL
|2 bicssc
|
| 072 |
|
7 |
|a COM042000
|2 bisacsh
|
| 082 |
0 |
4 |
|a 006.35
|2 23
|
| 245 |
1 |
4 |
|a The Bulgarian Language in the Digital Age
|h [electronic resource] /
|c edited by Georg Rehm, Hans Uszkoreit.
|
| 264 |
|
1 |
|a Berlin, Heidelberg :
|b Springer Berlin Heidelberg :
|b Imprint: Springer,
|c 2012.
|
| 300 |
|
|
|a VI, 81 p. 24 illus. in color.
|b online resource.
|
| 336 |
|
|
|a text
|b txt
|2 rdacontent
|
| 337 |
|
|
|a computer
|b c
|2 rdamedia
|
| 338 |
|
|
|a online resource
|b cr
|2 rdacarrier
|
| 347 |
|
|
|a text file
|b PDF
|2 rda
|
| 490 |
1 |
|
|a White Paper Series,
|x 2194-1416 ;
|v 4
|
| 505 |
0 |
|
|a Executive Summary -- Languages at Risk: a Challenge for Language Technology -- The Portuguese Language in the Information Society -- Language Technology Support for Portuguese -- About META-NET.
|
| 520 |
|
|
|a _.
|
| 650 |
|
0 |
|a Computer science.
|
| 650 |
|
0 |
|a Computational linguistics.
|
| 650 |
1 |
4 |
|a Computer Science.
|
| 650 |
2 |
4 |
|a Language Translation and Linguistics.
|
| 650 |
2 |
4 |
|a Computational Linguistics.
|
| 700 |
1 |
|
|a Rehm, Georg.
|e editor.
|
| 700 |
1 |
|
|a Uszkoreit, Hans.
|e editor.
|
| 710 |
2 |
|
|a SpringerLink (Online service)
|
| 773 |
0 |
|
|t Springer eBooks
|
| 776 |
0 |
8 |
|i Printed edition:
|z 9783642301674
|
| 830 |
|
0 |
|a White Paper Series,
|x 2194-1416 ;
|v 4
|
| 856 |
4 |
0 |
|u http://dx.doi.org/10.1007/978-3-642-30168-1
|z Full Text via HEAL-Link
|
| 912 |
|
|
|a ZDB-2-SMA
|
| 950 |
|
|
|a Mathematics and Statistics (Springer-11649)
|